000 00329nam a22001337a 4500
008 180126b xxu||||| |||| 00| 0 eng d
020 _a9780435087876
041 _aeng
080 _a37
100 _a47
101 _aEDU
245 _aLearning about reading, writing, and teching with first graders
_cAvery,C
942 _2udc
_cBK
999 _c41060
_d41060